Statistics for Top 10 Non-English Languages Spoken in Texas

Click here to take the quiz!

General Stats

  • This quiz has been taken 220 times
  • The average score is 8 of 10

Answer Stats

# of SpeakersLanguage% Correct
6,983,380Spanish
100%
60,730French
96%
69,140German
92%
140,971Chinese
88%
55,304Arabic
78%
55,794Korean
77%
193,408Vietnamese
74%
59,602Hindi
69%
72,248Tagalog
63%
57,662Urdu
41%

Score Distribution

Percentile by Number Answered

Percent of People with Each Score

Your Score History

You have not taken this quiz